Derechos de las personas jóvenes. [videograbación] /
Furkejuvvon:
| Searvvušdahkkit: | , |
|---|---|
| Materiálatiipa: | Dovdameahttun |
| Giella: | Spanish |
| Almmustuhtton: |
Costa Rica :
|
| Fáttát: | |
| Liŋkkat: | www.cpj.go.cr |
| Fáddágilkorat: |
Lasit fáddágilkoriid
Eai fáddágilkorat, Lasit vuosttaš fáddágilkora!
|
MARC
| LEADER | 00000 a2200000 04500 | ||
|---|---|---|---|
| 001 | 43839 | ||
| 003 | |||
| 008 | 050701s2009 cr spa d | ||
| 040 | |a ## | ||
| 020 | |a [sin ISBN] | ||
| 110 | |a Costa Rica. Ministerio de Cultura Juventud. Viceministerio de Juventud | ||
| 245 | |a Derechos de las personas jóvenes. [videograbación] / |c Viceministerio de Juventud del Ministerio de Cultura Juventud en Costa Rica | ||
| 260 | |a Costa Rica : | ||
| 300 | |a 1 minuto | ||
| 306 | |a 30 segundos cada campaña la radial y 30 segundos sptos tv | ||
| 505 | |a El disco contiene Campaña de derechos de las personas jóvenes (spot tv, imágen gráfica y cuñas de radio). Video y documentos de la Convención Iberoamericana de los Derechos de las Personas Jóvenes. Enfoque de Juventudes. Documento que plantea una manera de acercarnos a las personas jóvenes desde los enfoques de derechos, de género y enfoque generacional, y el respeto a sus diferencias. Política Pública de las Personas Jóvenes 2010-2013. Estos documentos se crearon para que las personas jóvenes y la población en general conozcan, promuevan y exijan sus derechos | ||
| 650 | |a JUVENTUD/EDUCACION | ||
| 650 | |a DERECHOS HUMANOS | ||
| 650 | |a DESEMPLEO JUVENIL | ||
| 650 | |a TRABAJADORES JOVENES | ||
| 650 | |a DERECHO AL TRABAJO | ||
| 650 | |a DISCRIMINACION | ||
| 650 | |a SEXUALIDAD | ||
| 710 | |a Consejo Nacional de Política Pública de la Persona Jóven. Costa Rica. Ministerio de Cultura y Juventud; Viceministerio de Juventud. Costa Rica Ministerio de Cultura y Juventud; Fondo de Población de las Naciones Unidas | ||
| 856 | |u www.cpj.go.cr | ||
| 999 | |c 18530 |d 18530 | ||
